00846nam a22002777a 4500003000500000005001700005008004100022010001000063011001000073035001000083040000900093090001600102100002400118245004100142260001300183300002300196590004100219590004200260650002000302700003100322901000700353942000900360949004900369999001700418952013300435CHAP20220329134115.0971013s r 00010 d a15475 a16447 a20526 cCHAP aFolleto 21300aBernhard, R.911944 aLes pruniers porte-greffes du pecher a(s.p.i.) ap. 75-100b: ilus. aBATCH-UPDb10c20130110lUCH01h1347 aCONVERSIONb10c20130109lUCH01h131014aDurazno.9345700 aGrasselly, Charles.950456 aBK cFOLL aFolleto 213bBCcFOLLd-47858eTS1i20526si c15475d15475 00102local4051708FOLLaBCbBCcPA_FOLLETOSd2012-12-17fFOLLl0oFolleto 213p-47858r2019-12-31 00:00:00w2012-12-17yFOLL